Statistiken für Oscars - Beste Hauptdarstellerin

Klicken Sie hier um das Quiz zu spielen!

Allgemein

  • Dieses Quiz wurde 1.289 mal gespielt
    (1.014 seit der letzten Aktualisierung)
  • Das Durchschnittsergebnis liegt bei 22 aus 97

Antwortstatistiken

JahrPreisträgerinfür den Film% Korrekt
2024Emma StonePoor Things
79%
2017Emma StoneLa La Land
79%
2011Natalie PortmanBlack Swan
59%
2013Jennifer LawrenceSilver Linings
58%
2001Julia RobertsErin Brockovich
58%
1983Meryl StreepSophies Entscheidung
56%
2012Meryl StreepDie Eiserne Lady
56%
2010Sandra BullockBlind Side – Die große Chance
54%
1989Jodie FosterAngeklagt
48%
1992Jodie FosterDas Schweigen der Lämmer
48%
2009Kate WinsletDer Vorleser
47%
1954Audrey HepburnEin Herz und eine Krone
41%
1968Katharine HepburnRat mal, wer zum Essen kommt
35%
1982Katharine HepburnAm goldenen See
35%
1934Katharine HepburnMorgenrot des Ruhms
35%
1969 (1)Katharine HepburnDer Löwe im Winter
35%
2000Hilary SwankBoys Don’t Cry
33%
2005Hilary SwankMillion Dollar Baby
33%
2004Charlize TheronMonster
32%
2007Helen MirrenDie Queen
32%
2002Halle BerryMonster’s Ball
31%
2006Reese WitherspoonWalk the Line
31%
2003Nicole KidmanThe Hours – Von Ewigkeit zu Ewigkeit
30%
1997Frances McDormandFargo
29%
2021Frances McDormandNomadland
29%
2018Frances McDormandThree Billboards Outside Ebbing, Missouri
29%
2014Cate BlanchettBlue Jasmine
28%
1988CherMondsüchtig
28%
1999Gwyneth PaltrowShakespeare in Love
28%
1969 (2)Barbra StreisandFunny Girl
26%
2016Brie LarsonRaum
25%
2015Julianne MooreStill Alice – Mein Leben ohne Gestern
25%
2023Michelle YeohEverything Everywhere All at Once
25%
1961Elizabeth TaylorTelefon Butterfield 8
24%
1967Elizabeth TaylorWer hat Angst vor Virginia Woolf?
24%
1973Liza MinnelliCabaret
23%
1965Julie AndrewsMary Poppins
22%
1972Jane FondaKlute
21%
1979Jane FondaComing Home – Sie kehren heim
21%
1970Maggie SmithDie besten Jahre der Miß Jean Brodie
21%
1993Emma ThompsonWiedersehen in Howards End
20%
1955Grace KellyEin Mädchen vom Lande
20%
1998Helen HuntBesser geht’s nicht
20%
1991Kathy BatesMisery
20%
2020Renée ZellwegerJudy
20%
1952Vivien LeighEndstation Sehnsucht
20%
1940Vivien LeighVom Winde verweht
20%
1936Bette DavisDangerous
19%
1939Bette DavisJezebel – Die boshafte Lady
19%
2008Marion CotillardLa vie en rose
19%
2019Olivia ColmanThe Favourite – Intrigen und Irrsinn
19%
1996Susan SarandonDead Man Walking – Sein letzter Gang
19%
1978Diane KeatonDer Stadtneurotiker
18%
1957Ingrid BergmanAnastasia
17%
1945Ingrid BergmanDas Haus der Lady Alquist
17%
2022Jessica ChastainThe Eyes of Tammy Faye
17%
1971Glenda JacksonLiebende Frauen
15%
1974Glenda JacksonMann, bist du Klasse!
15%
1962Sophia LorenUnd dennoch leben sie
15%
1944Jennifer JonesDas Lied von Bernadette
14%
1977Faye DunawayNetwork
13%
1994Holly HunterDas Piano
13%
1990Jessica TandyMiss Daisy und ihr Chauffeur
13%
1985Sally FieldEin Platz im Herzen
13%
1980Sally FieldNorma Rae – Eine Frau steht ihren Mann
13%
1984Shirley MacLaineZeit der Zärtlichkeit
13%
1935Claudette ColbertEs geschah in einer Nacht
12%
1995Jessica LangeOperation Blue Sky
12%
1946Joan CrawfordSolange ein Herz schlägt
12%
1966Julie ChristieDarling
12%
1938Luise RainerDie gute Erde
12%
1937Luise RainerDer große Ziegfeld
12%
1950Olivia de HavillandDie Erbin
12%
1947Olivia de HavillandMutterherz
12%
1981Sissy SpacekNashville Lady
12%
1975Ellen BurstynAlice lebt hier nicht mehr
11%
1986Geraldine PageA Trip to Bountiful – Reise ins Glück
11%
1941Ginger RogersFräulein Kitty
11%
1943Greer GarsonMrs. Miniver
11%
1942Joan FontaineVerdacht
11%
1948Loretta YoungDie Farmerstochter
11%
1976Louise FletcherEiner flog über das Kuckucksnest
11%
1987Marlee MatlinGottes vergessene Kinder
11%
1959Susan HaywardLaßt mich leben
11%
1956Anna MagnaniDie tätowierte Rose
10%
1963Anne BancroftLicht im Dunkel
10%
1949Jane WymanSchweigende Lippen
10%
1958Joanne WoodwardEva mit den drei Gesichtern
10%
1930 (1)Mary PickfordCoquette
10%
1964Patricia NealDer Wildeste unter Tausend
10%
1960Simone SignoretDer Weg nach oben
10%
1932Helen HayesDie Sünde der Madelon Claudet
9%
1929Janet GaynorEngel der Straße, Das Glück in der Mansarde und Sonnenaufgang – Lied von zwei Menschen
9%
1951Judy HollidayDie ist nicht von gestern
9%
1931Marie DresslerDie fremde Mutter
9%
1930 (2)Norma ShearerThe Divorcee
9%
1953Shirley BoothKehr zurück, kleine Sheba
9%

Verteilung der Resultate

Perzentil nach korrekt beantworteten Fragen

Anzahl Personen mit jedem Resultat

Ihre Resultats-Entwicklung

Sie haben dieses Quiz seit der letzten Aktualisierung nicht gespielt